Xây dựng chương trình đào tạo đại học theo tiếp cận năng lực
保存先:
| 第一著者: | |
|---|---|
| フォーマット: | 図書 |
| 言語: | Undetermined |
| 主題: | |
| オンライン・アクセス: | http://lrc.tdmu.edu.vn/opac/search/detail.asp?aID=2&ID=22814 |
| タグ: |
タグ追加
タグなし, このレコードへの初めてのタグを付けませんか!
|
| Thư viện lưu trữ: | Trung tâm Học liệu Trường Đại học Thủ Dầu Một |
|---|
| LEADER | 00675nam a2200145Ia 4500 | ||
|---|---|---|---|
| 001 | TDMU_22814 | ||
| 008 | 210410s9999 xx 000 0 und d | ||
| 082 | |a 378.1 | ||
| 100 | |a Khúc, Kim Lan | ||
| 245 | 0 | |a Xây dựng chương trình đào tạo đại học theo tiếp cận năng lực | |
| 245 | 0 | |c Khúc Kim Lan | |
| 300 | |a Tr.13-16 | ||
| 650 | |a Giáo dục đại học |x Chương trình đào tạo |x Tiếp cận năng lực; Giáo dục; Đào tạo; Tiếp cận năng lực; Sinh viên | ||
| 856 | |u http://lrc.tdmu.edu.vn/opac/search/detail.asp?aID=2&ID=22814 | ||
| 980 | |a Trung tâm Học liệu Trường Đại học Thủ Dầu Một | ||